Famous Bridges Quiz Stats

 Plays Quiz not verified by Sporcle

Also try: Complete the Trio
Challenge
Share
Tweet
Embed
Score 0/12 Timer 04:00
0 Plays Today
City/Country Bridge % Correct
San Francisco, USAGolden Gate Bridge
94.7%
New York City, USABrooklyn Bridge
80.3%
London, UKLondon Bridge
68.4%
London, UKTower Bridge
66.4%
Sydney, AustraliaSydney Harbor Bridge
50%
Venice, ItalyThe Bridge of Sighs
21.1%
Millau, FranceMillau Viaduct
18.4%
Prince Edward Island, CanadaConfederation Bridge
8.6%
Lisbon, PortugalVasco da Gama Bridge
8.6%
Kobe, JapanAkashi Kaikyo Bridge
7.9%
ThailandThe Bridge over the River Kwai
5.3%
ChinaDonghai Bridge
2%

You're not logged in!

Compare scores with friends on all Sporcle quizzes.
Join for Free
OR
Log In

You Might Also Like...

Show Comments

Extras

Top Quizzes Today


Score Distribution

Your Account Isn't Verified!

In order to create a playlist on Sporcle, you need to verify the email address you used during registration. Go to your Sporcle Settings to finish the process.

Report this User

Report this user for behavior that violates our Community Guidelines.

Details: